000
00233nam a22000857a 4500
008
160715b xxu||||| |||| 00| 0 eng d
100
_9
2893
_a
Bence, E
245
_a
Leaving Home
260
_a
Philadelphia
_b
Bridge Books
_c
1982
999
_c
2459
_d
2459